Elementos de derecho administrativo (Registro nro. 544)

Detalles MARC
000 -LEADER
fixed length control field 01621 a2200337 4500
001 - CONTROL NUMBER
control field 13759
005 - DATE AND TIME OF LATEST TRANSACTION
control field 20260407155444.0
008 - FIXED-LENGTH DATA ELEMENTS--GENERAL INFORMATION
fixed length control field 260407a2003 arg spa d
003 - CONTROL NUMBER IDENTIFIER
control field AR-UNSa-BCEJYS
040 ## - CATALOGING SOURCE
Original cataloging agency AR-UNSa-BCEJYS
Language of cataloging spa
Transcribing agency AR-UNSa-BCEJYS
080 ## - UNIVERSAL DECIMAL CLASSIFICATION NUMBER
Universal Decimal Classification number 342.9
Common auxiliary subdivision Derecho Administrativo
020 ## - INTERNATIONAL STANDARD BOOK NUMBER
International Standard Book Number 950-527-835-7
100 1# - MAIN ENTRY--PERSONAL NAME
Personal name Hutchinson, Tomás A.
245 10 - TITLE STATEMENT
Title Elementos de derecho administrativo
264 #1 - PRODUCTION, PUBLICATION, DISTRIBUTION, MANUFACTURE, AND COPYRIGHT NOTICE
Place of production, publication, distribution, manufacture Buenos Aires :
Name of producer, publisher, distributor, manufacturer La Ley
Date of production, publication, distribution, manufacture, or copyright notice 2003
300 ## - PHYSICAL DESCRIPTION
Extent xx, 681 p.
Dimensions 24 cm.
505 ## - FORMATTED CONTENTS NOTE
Formatted contents note 1. Funciones del Estado: Función administrativa, legislativa y judicial - 2. Fuentes del derecho administrativo - 3. Organización administrativa - 4. Organismos de control de la administración pública: Sindicatura General de la Nación - 5. Servicios públicos - 6. Poder de policía - 7. Entes reguladores - 8. El silencio de la administración - 10. Procedimiento administrativo - 11. Recursos administrativos - 12. Agotamiento de la vía administrativa - 13. Proceso contenciosoadministrativo - 14. Responsabilidad del Estado
590 ## - LOCAL NOTE (RLIN)
Local note niveau_biblio:m niveau_hierar:0
700 1# - ADDED ENTRY--PERSONAL NAME
Personal name Adriao, Alejandro
700 1# - ADDED ENTRY--PERSONAL NAME
Personal name Balbín, Carlos Francisco
700 1# - ADDED ENTRY--PERSONAL NAME
Personal name Cataldo, Juan Vicente
700 1# - ADDED ENTRY--PERSONAL NAME
Personal name Eliaschev, Nicolás
700 1# - ADDED ENTRY--PERSONAL NAME
Personal name Filograsso, Débora Alicia
700 1# - ADDED ENTRY--PERSONAL NAME
Personal name Garcia Sanz, Agustín A.M.
700 1# - ADDED ENTRY--PERSONAL NAME
Personal name López Vergara, Patricia
700 1# - ADDED ENTRY--PERSONAL NAME
Personal name Otheguy, Osvaldo O.
700 1# - ADDED ENTRY--PERSONAL NAME
Personal name Ugarte, Juan Manuel
700 1# - ADDED ENTRY--PERSONAL NAME
Personal name Vincenti, Rogelio W.
856 41 - ELECTRONIC LOCATION AND ACCESS
Uniform Resource Identifier <a href="https://biblioeco.unsa.edu.ar/pmb/images/libros/Elementos de Derecho Administrativo-l116126.jpg">https://biblioeco.unsa.edu.ar/pmb/images/libros/Elementos de Derecho Administrativo-l116126.jpg</a>
Link text Imagen de portada
Electronic format type image/jpeg
942 ## - ADDED ENTRY ELEMENTS (KOHA)
Koha item type
Existencias
Withdrawn status Lost status Damaged status Not for loan Home library Current library Shelving location Date acquired Total checkouts Full call number Barcode Date last seen Price effective from Koha item type
        Biblioteca Prof. Eusebio Cleto del Rey Biblioteca Prof. Eusebio Cleto del Rey   07/04/2026   342.9 H973 L116127 07/04/2026 07/04/2026 Libro
        Biblioteca Prof. Eusebio Cleto del Rey Biblioteca Prof. Eusebio Cleto del Rey   07/04/2026   342.9 H973 L116126 07/04/2026 07/04/2026 Libro